| Tag |
First Indicator |
Second Indicator |
Subfields |
| LEADER |
00000cam a2200000 a 4500 |
| 001 |
in00002172913 |
| 006 |
m e d # |
| 007 |
cr mn mmmmamba |
| 008 |
850117s1799 pau s 000 0 eng d |
| 005 |
20260331152004.4 |
| 035 |
|
|
|a aas03024716
|
| 040 |
|
|
|a MWA
|c MWA
|e bdrb
|d UtOrBLW
|
| 100 |
1 |
|
|a Sands, Benjamin.
|
| 245 |
1 |
2 |
|a A key to the impenetrable secret /
|c By Benjamin Sands.
|
| 264 |
|
3 |
|a [Northampton, Pa.] :
|b Printed by Joseph Gales, Northampton Township, Bucks County,
|c [not after 1799]
|
| 300 |
|
|
|a 24 unnumbered pages ;
|c 8 x 15 cm.
|
| 336 |
|
|
|a text
|b txt
|2 rdacontent
|
| 337 |
|
|
|a computer
|b c
|2 rdamedia
|
| 338 |
|
|
|a online resource
|b cr
|2 rdacarrier
|
| 500 |
|
|
|a A puzzle book of moral maxims printed on facing pages printed in black and red. "Anyone ... may easily point out, and truly find which of these lines you did commit to mind; provided you declare on which red side that individual line may be descried."
|
| 500 |
|
|
|a A similar work, published under title "The impenetrable secret," is attributed to Horace Walpole in the British Museum Catalogue.
|
| 500 |
|
|
|a The American Antiquarian Society copy bears an owner's inscription dated 1799. The only Joseph Gales of 18th-century typographic record (1761-1841) printed at Philadelphia between 1795 and 1799.
|
| 500 |
|
|
|a Not in Evans or Bristol.
|
| 533 |
|
|
|a Electronic text and image data.
|b [Chester, Vt. :
|c Readex, a division of Newsbank, Inc.,
|d 2002-2004.
|e Includes files in TIFF, GIF and PDF formats with inclusion of keyword searchable text.
|f (Early American imprints. First series ; no. 49582).
|
| 500 |
|
|
|a Electronic resource.
|
| 650 |
|
0 |
|a Toy and movable books.
|
| 650 |
|
0 |
|a Maxims.
|
| 655 |
|
7 |
|a Puzzles.
|2 rbgenr
|
| 700 |
1 |
|
|a Walpole, Horace,
|d 1717-1797.
|
| 740 |
0 |
|
|a Impenetrable secret.
|
| 752 |
|
|
|a United States
|b Pennsylvania
|d Northampton.
|
| 830 |
|
0 |
|a Early American imprints.
|n Series I,
|p Evans (1639-1800) ;
|v no. 49582.
|
| 856 |
4 |
1 |
|u http://proxy.library.tamu.edu/login?url=https://opac.newsbank.com/select/evans/49582
|y Evans Digital Edition
|t 0
|
| 999 |
|
|
|a MARS
|
| 999 |
f |
f |
|s 82f23c36-8ae2-3a2f-a4d8-70015d14c682
|i 82f60b53-6f2f-38a6-8ad2-15418d4ee2a9
|t 0
|
| 952 |
f |
f |
|a Texas A&M University
|b College Station
|c Electronic Resources
|s www_evans
|d Available Online
|t 0
|h No information provided
|
| 998 |
f |
f |
|t 0
|l Available Online
|